[Event "GM"]
[Site "Aarhus"]
[Date "2003.07.29"]
[Round "3"]
[White "Stefansson, Hannes"]
[Black "Lalic, Bogdan"]
[Result "1/2-1/2"]
[WhiteElo "2560"]
[BlackElo "2503"]
[PlyCount "78"]
[EventDate "2003.07.27"]
[EventType "tourn"]
[EventRounds "9"]
[EventCountry "DEN"]
[EventCategory "9"]
[SourceTitle "CBM 097"]
[Source "ChessBase"]
[SourceDate "2003.11.11"]

1. e4 c5 2. Nf3 Nc6 3. d4 cxd4 4. Nxd4 Nf6 5. Nc3 e5 6. Ndb5 d6 7. Bg5 a6 8.
Na3 b5 9. Nd5 Be7 10. Bxf6 Bxf6 11. c3 Ne7 12. Nxf6+ gxf6 13. Nc2 Bb7 14. Bd3
d5 15. exd5 Qxd5 16. Ne3 Qe6 17. a4 Rd8 18. Qc2 Nd5 19. axb5 Nxe3 20. fxe3 axb5
21. Be4 Bxe4 22. Qxe4 O-O 23. O-O Rd2 24. Rf3 Rfd8 25. h3 Qc4 26. Qf5 Qh4 27.
Kh2 Kh8 28. Rg3 Rg8 29. Rxg8+ Kxg8 30. b4 Kg7 31. Ra8 Qg5 32. Qxg5+ fxg5 33.
Rb8 Rd3 34. Rxb5 Rxc3 35. Rxe5 Kf6 36. Re4 Kf5 37. Re8 Rb3 38. g4+ Kg6 39. Re4
h5 1/2-1/2

[Event "GM"]
[Site "Aarhus"]
[Date "2003.08.03"]
[Round "8"]
[White "Stefansson, Hannes"]
[Black "Fries Nielsen, Jens Ove"]
[Result "1-0"]
[WhiteElo "2560"]
[BlackElo "2453"]
[PlyCount "95"]
[EventDate "2003.07.27"]
[EventType "tourn"]
[EventRounds "9"]
[EventCountry "DEN"]
[EventCategory "9"]
[SourceTitle "CBM 097"]
[Source "ChessBase"]
[SourceDate "2003.11.11"]

1. e4 c5 2. Nf3 Nc6 3. d4 cxd4 4. Nxd4 e5 5. Nb5 a6 6. Nd6+ Bxd6 7. Qxd6 Qf6 8.
Qc7 Nge7 9. Nc3 Nd4 10. Bd3 d6 11. Be3 O-O 12. Na4 Bg4 13. Nb6 Rad8 14. Bxd4
exd4 15. O-O d5 16. f3 Qd6 17. Qxd6 Rxd6 18. Nxd5 Nxd5 19. exd5 Bd7 20. Rad1
Rc8 21. Rf2 g6 22. Bf1 Rxd5 23. c4 Re5 24. Rxd4 Be6 25. Re2 Ra5 26. b3 Ra3 27.
Rb2 Kg7 28. Rd6 Kf6 29. Rb6 Rc7 30. Bd3 Ke7 31. Be4 Bc8 32. Bd5 Rd7 33. Kf2 Ra5
34. a4 Rc5 35. Re2+ Kf8 36. Re4 Rcc7 37. Ke3 Rd8 38. Kf4 h6 39. h4 Kg7 40. Re3
Kf8 41. g4 Kg7 42. Kg3 Kh7 43. Re5 Kg7 44. f4 Rcd7 45. Kf3 Rc7 46. a5 Rh8 47.
f5 gxf5 48. gxf5 1-0